000 00811nam a22002417a 4500
003 UA-OsUOA
001 42589
007 ta
008 20061113b un ||||| |||| 00| 0 ukr d
100 _aЛітвінчук І. А.
090 _a346:332.122
_bЛ64
942 _cBK
040 _aUA-OsUOA
_bukr
_cUA-OsUOA
_dUA-OsUOA
245 _aПравове становище офшорних і вільних економічних зон
_bНауково-практичний посібник
300 _a296 с.
955 _a2
041 _aukr
080 _a346:332.122
020 _a966-373-050-1
260 _aК.
_bКНТ
_c2006
650 7 _a346 Господарське право. Правові основи державного регулювання економікою
_2UDC
999 _c328729
_d328729